[Event "Dubai op-A 25th"]
[Site "Dubai"]
[Date "2025.06.03"]
[Round "8"]
[White "Jubin, Jimmy"]
[Black "Srihari, LR."]
[Result "1/2-1/2"]
[WhiteElo "2449"]
[BlackElo "2468"]
[PlyCount "92"]
[EventDate "2025.05.27"]
[EventType "swiss"]
[EventRounds "9"]
[EventCountry "UAE"]
[SourceTitle "CB23_2025"]
[SourceDate "2025.06.04"]
[SourceVersion "1"]
[SourceVersionDate "2025.06.04"]
[SourceQuality "1"]

1. d4 e6 2. c4 b6 3. a3 Bb7 4. Nc3 Nf6 5. d5 Bd6 6. Nf3 exd5 7. cxd5 Qe7 8. Bg5 Na6 9. Qd4 Nc5 10. Rd1 a5 11. e3 h6 12. Bh4 a4 13. Nb5 Nce4 14. Bd3 Ra5 15. 0-0 g5 16. Bg3 Nxg3 17. hxg3 Bc5 18. Nxc7+ Kd8 19. d6 Qxd6 20. Nb5 Qxd4 21. exd4 Be7 22. Ne5 Rf8 23. Nc3 Nd5 24. Rc1 Nxc3 25. Rxc3 b5 26. Rfc1 Bd6 27. Bf5 Bxe5 28. dxe5 Bc6 29. Rd1 Ke7 30. f4 Rg8 31. Rc2 Ra7 32. Rd6 Rb7 33. Rcd2 h5 34. R6d4 gxf4 35. gxf4 Rg3 36. Bh3 b4 37. axb4 Rb3 38. b5 R3xb5 39. Rxa4 Rxe5 40. Rad4 Reb5 41. Re2+ Kd8 42. Rc2 Ke7 43. Re2+ Kf8 44. Rdd2 Rb4 45. Rf2 R4b5 46. Kh2 Rb3 1/2-1/2

[Event "Asia-ch Blitz"]
[Site "Al Ain"]
[Date "2025.05.10"]
[Round "2"]
[White "Srihari, LR."]
[Black "Karthik, Venkataraman"]
[Result "0-1"]
[WhiteElo "2468"]
[BlackElo "2565"]
[PlyCount "58"]
[EventDate "2025.05.10"]
[EventType "swiss (blitz)"]
[EventRounds "9"]
[EventCountry "UAE"]
[SourceTitle "CB20_2025"]
[SourceDate "2025.05.14"]
[SourceVersion "1"]
[SourceVersionDate "2025.05.14"]
[SourceQuality "1"]

1. e4 c5 2. Nf3 d6 3. Bc4 Nf6 4. d3 Nc6 5. 0-0 Bg4 6. h3 Bh5 7. c3 a6 8. a4 e6 9. Nbd2 Be7 10. Qe1 Nd7 11. Nh2 g5 12. Qe3 Bf6 13. Ndf3 Rg8 14. g4 Bg6 15. Nxg5 h5 16. f4 Bxg5 17. fxg5 Nde5 18. Ba2 hxg4 19. d4 cxd4 20. cxd4 Rh8 21. Nxg4 Nxg4 22. hxg4 Qd7 23. Bd2 e5 24. Rf5 Nxd4 25. Bc3 Rh4 26. Bxd4 Rxg4+ 27. Kf2 Bxf5 28. exf5 Qxf5+ 29. Qf3 Rf4 0-1

[Event "Asia-ch"]
[Site "Al Ain"]
[Date "2025.05.10"]
[Round "4"]
[White "Xu, Xiangyu"]
[Black "Srihari, LR."]
[Result "1/2-1/2"]
[WhiteElo "2623"]
[BlackElo "2468"]
[PlyCount "73"]
[EventDate "2025.05.07"]
[EventType "swiss"]
[EventRounds "9"]
[EventCountry "UAE"]
[SourceTitle "CB21_2025"]
[SourceDate "2025.05.21"]
[SourceVersion "1"]
[SourceVersionDate "2025.05.21"]
[SourceQuality "1"]

1. d4 d5 2. c4 e6 3. Nc3 Nf6 4. cxd5 exd5 5. Bg5 c6 6. e3 h6 7. Bh4 Be7 8. Bd3 0-0 9. Nge2 Ne8 10. Bg3 Nd6 11. Bf4 Re8 12. Ng3 Be6 13. 0-0 Nd7 14. Nce2 Bf8 15. Rc1 Rc8 16. Kh1 Qb6 17. b3 c5 18. Bb1 Nb5 19. dxc5 Rxc5 20. Rxc5 Nxc5 21. Be5 Na3 22. Nf4 Nxb1 23. Qxb1 Ne4 24. Bd4 Qa6 25. Nxe4 dxe4 26. Nxe6 Qxe6 27. Rc1 a6 28. h3 Bd6 29. Qb2 f6 30. Qc3 Qd5 31. a4 Kf7 32. Kg1 Re7 33. Bb6 Qe5 34. g3 Qxc3 35. Rxc3 h5 36. Bd4 Rc7 37. Rxc7+ 1/2-1/2

[Event "Asia-ch"]
[Site "Al Ain"]
[Date "2025.05.07"]
[Round "1"]
[White "Srihari, LR."]
[Black "Schain, Randolph"]
[Result "1-0"]
[WhiteElo "2468"]
[BlackElo "2080"]
[PlyCount "75"]
[EventDate "2025.05.07"]
[EventType "swiss"]
[EventRounds "9"]
[EventCountry "UAE"]
[SourceTitle "CB21_2025"]
[SourceDate "2025.05.21"]
[SourceVersion "1"]
[SourceVersionDate "2025.05.21"]
[SourceQuality "1"]

1. c4 Nf6 2. Nc3 d6 3. d4 g6 4. e4 Bg7 5. h3 0-0 6. Be3 e5 7. d5 Nbd7 8. Nf3 b6 9. g4 Nc5 10. Nd2 a5 11. Be2 Bd7 12. h4 c6 13. a4 cxd5 14. cxd5 Rc8 15. h5 Ne8 16. g5 f6 17. Rg1 gxh5 18. Nc4 f5 19. Bxc5 Rxc5 20. Qb3 fxe4 21. Nxe4 Bf5 22. Nxc5 bxc5 23. Bxh5 Kh8 24. Ne3 Nc7 25. Nxf5 Rxf5 26. Qh3 Rf4 27. Bg6 Qg8 28. Rh1 h6 29. gxh6 Bf6 30. Rg1 Nxd5 31. h7 Qb8 32. Bc2 Bg7 33. Rxg7 Kxg7 34. Qg2+ Kh8 35. Qxd5 Qb4+ 36. Ke2 Rf8 37. Rg1 Qb8 38. Bb3 1-0

[Event "Titled Tuesday intern op 06th May Early"]
[Site "Chess.com INT"]
[Date "2025.05.06"]
[Round "1"]
[White "Rees, Ioan"]
[Black "Srihari, LR."]
[Result "0-1"]
[WhiteElo "2288"]
[BlackElo "2468"]
[PlyCount "38"]
[EventDate "2025.05.06"]
[EventType "swiss (blitz)"]
[EventRounds "11"]
[EventCountry "USA"]
[SourceTitle "CB20_2025"]
[SourceDate "2025.05.14"]
[SourceVersion "1"]
[SourceVersionDate "2025.05.14"]
[SourceQuality "1"]

1. Nf3 Nf6 2. g3 b6 3. Bg2 Bb7 4. 0-0 g6 5. d3 Bg7 6. e4 d6 7. Nbd2 0-0 8. a4 a5 9. Re1 e5 10. Nc4 Nbd7 11. h4 h6 12. c3 Re8 13. b4 axb4 14. cxb4 d5 15. exd5 Nxd5 16. Bb2 Nxb4 17. Nfxe5 Bxg2 18. Kxg2 Nxe5 19. Bxe5 Nxd3 0-1

[Event "Budapest Vezerkepzo GM 04"]
[Site "Budapest"]
[Date "2025.04.24"]
[Round "4"]
[White "Aczel, Gergely"]
[Black "Srihari, LR."]
[Result "1-0"]
[WhiteElo "2496"]
[BlackElo "2481"]
[PlyCount "139"]
[EventDate "2025.04.22"]
[EventType "tourn"]
[EventRounds "9"]
[EventCountry "HUN"]
[EventCategory "6"]
[SourceTitle "CB20_2025"]
[SourceDate "2025.05.14"]
[SourceVersion "1"]
[SourceVersionDate "2025.05.14"]
[SourceQuality "1"]

1. d4 d5 2. c4 e6 3. Nc3 Nf6 4. cxd5 exd5 5. Bg5 c6 6. e3 h6 7. Bh4 Be7 8. Bd3 0-0 9. Qc2 Ne8 10. Bg3 Nd6 11. Nf3 Be6 12. 0-0 Nd7 13. h3 Re8 14. Ne5 Rc8 15. Rfd1 b5 16. a4 b4 17. Ne2 Nxe5 18. dxe5 Nb7 19. Nd4 Nc5 20. Nxe6 fxe6 21. Bg6 Rf8 22. Rac1 Kh8 23. Qe2 Nb3 24. Rc2 Bh4 25. Bf4 Bg5 26. Rd3 Bxf4 27. exf4 Na5 28. Qg4 Qe7 29. f5 b3 30. Re2 Rb8 31. f6 gxf6 32. Qh5 Qg7 33. Rg3 f5 34. Qh4 c5 35. Bxf5 Rb4 36. f4 Rxf4 37. Qxf4 Rxf5 38. Qxf5 exf5 39. Rxg7 Kxg7 40. e6 Kf8 41. Re5 Nc4 42. Rxd5 Nxb2 43. Rxc5 Nxa4 44. Rxf5+ Ke7 45. Rb5 b2 46. g4 Kxe6 47. h4 Kd6 48. h5 a6 49. Rb3 Ke5 50. Kh2 Kf4 51. Rb4+ Kg5 52. Kh3 a5 53. Rb5+ Kf4 54. Kh4 Ke4 55. g5 hxg5+ 56. Kxg5 Kd3 57. h6 Kc2 58. h7 Nc3 59. Rb8 b1Q 60. Rxb1 Nxb1 61. h8Q a4 62. Qh7+ Kb2 63. Qb7+ Ka1 64. Qg7+ Ka2 65. Qf7+ Kb2 66. Qf2+ Kb3 67. Qb6+ Kc2 68. Qc5+ Kb3 69. Qb5+ Ka3 70. Qc4 1-0

[Event "Budapest Vezerkepzo GM 04"]
[Site "Budapest"]
[Date "2025.04.24"]
[Round "3"]
[White "Srihari, LR."]
[Black "Varadi, Viktor"]
[Result "1/2-1/2"]
[WhiteElo "2481"]
[BlackElo "2350"]
[PlyCount "132"]
[EventDate "2025.04.22"]
[EventType "tourn"]
[EventRounds "9"]
[EventCountry "HUN"]
[EventCategory "6"]
[SourceTitle "CB20_2025"]
[SourceDate "2025.05.14"]
[SourceVersion "1"]
[SourceVersionDate "2025.05.14"]
[SourceQuality "1"]

1. Nf3 d5 2. e3 Nf6 3. c4 e6 4. Nc3 a6 5. b3 c5 6. cxd5 exd5 7. d4 Nc6 8. Be2 cxd4 9. Nxd4 Bb4 10. Bb2 Qa5 11. Rc1 Qxa2 12. Nxc6 bxc6 13. Ba1 Ne4 14. 0-0 Bxc3 15. Bxc3 Nxc3 16. Rxc3 Bd7 17. Bg4 Bxg4 18. Qxg4 0-0 19. Qd7 Rac8 20. Rxc6 Rxc6 21. Qxc6 Qxb3 22. Qxa6 h6 23. h3 Rd8 24. Qa1 Rb8 25. Qe5 Rc8 26. Qd6 Qd3 27. Ra1 Qd2 28. Qd7 Rb8 29. Qc7 Re8 30. Qf4 Qd3 31. Ra7 Qb1+ 32. Kh2 Qg6 33. Rd7 Qe6 34. Rd6 Qe5 35. Qxe5 Rxe5 36. Rd8+ Kh7 37. g4 h5 38. Kg3 hxg4 39. hxg4 g5 40. Rd6 Kg7 41. Kf3 Kf8 42. Rd7 Kg7 43. Ke2 Kf6 44. Kd3 Ke6 45. Rd8 Ke7 46. Rg8 f6 47. f3 Kf7 48. Rd8 Ke7 49. Ra8 Kf7 50. Kd4 Ke7 51. Ra7+ Kd6 52. Ra5 Ke6 53. e4 Kf7 54. Ra7+ Ke6 55. Ra6+ Ke7 56. exd5 Re1 57. Ra7+ Ke8 58. d6 Rd1+ 59. Kc5 Rd3 60. Kc6 Rc3+ 61. Kd5 Re3 62. Rh7 Kd8 63. Rf7 Rd3+ 64. Ke6 Re3+ 65. Kxf6 Rxf3+ 66. Kg6 Rf4 1/2-1/2

[Event "Budapest Farago Memorial"]
[Site "Budapest"]
[Date "2025.04.18"]
[Round "7"]
[White "Srihari, LR."]
[Black "Aczel, Gergely"]
[Result "0-1"]
[WhiteElo "2481"]
[BlackElo "2496"]
[PlyCount "50"]
[EventDate "2025.04.14"]
[EventType "tourn"]
[EventRounds "10"]
[EventCountry "HUN"]
[EventCategory "7"]
[SourceTitle "CB17_2025"]
[SourceDate "2025.04.23"]
[SourceVersion "1"]
[SourceVersionDate "2025.04.23"]
[SourceQuality "1"]

1. c4 e6 2. Nf3 d5 3. e3 Nf6 4. Nc3 dxc4 5. Bxc4 a6 6. d4 b5 7. Bb3 c5 8. 0-0 Bb7 9. e4 cxd4 10. Nxd4 Bd6 11. Be3 0-0 12. f4 b4 13. e5 bxc3 14. exf6 Qxf6 15. f5 Qe5 16. Kf2 cxb2 17. Rb1 exf5 18. Nf3 Bxf3 19. Qxf3 Nd7 20. Rfd1 Nf6 21. h3 Ne4+ 22. Kf1 Rae8 23. Bd5 Qh2 24. Rxb2 Qh1+ 25. Bg1 Bh2 0-1

[Event "Budapest Farago Memorial"]
[Site "Budapest"]
[Date "2025.04.16"]
[Round "4"]
[White "Srihari, LR."]
[Black "Varga, Zoltan"]
[Result "1-0"]
[WhiteElo "2481"]
[BlackElo "2302"]
[PlyCount "83"]
[EventDate "2025.04.14"]
[EventType "tourn"]
[EventRounds "10"]
[EventCountry "HUN"]
[EventCategory "7"]
[SourceTitle "CB17_2025"]
[SourceDate "2025.04.23"]
[SourceVersion "1"]
[SourceVersionDate "2025.04.23"]
[SourceQuality "1"]

1. c4 Nf6 2. Nf3 b6 3. Nc3 Bb7 4. g3 Bxf3 5. exf3 c5 6. d4 cxd4 7. Qxd4 Nc6 8. Qd1 Rc8 9. Bh3 e6 10. 0-0 Bb4 11. Nb5 0-0 12. Nd6 Bxd6 13. Qxd6 Na5 14. b3 Rc6 15. Qd4 d5 16. Rd1 Qe7 17. cxd5 Nxd5 18. Bb2 Qf6 19. Qxf6 Nxf6 20. Rd2 Rfc8 21. Rad1 h6 22. Rd8+ Kh7 23. Bxf6 gxf6 24. R8d7 Kg6 25. Rxa7 Rc1 26. Rxc1 Rxc1+ 27. Bf1 Ra1 28. Ra6 Nc6 29. Kg2 Nd4 30. f4 f5 31. Ra4 Nc2 32. Bb5 Ne1+ 33. Kh3 Nf3 34. Be8 e5 35. Ra7 exf4 36. gxf4 Ng1+ 37. Kg2 Ne2 38. Bxf7+ Kf6 39. Bc4 Nxf4+ 40. Kg3 Ng6 41. f4 Ne7 42. a4 1-0

[Event "Titled Tuesday intern op 25th Mar Early"]
[Site "Chess.com INT"]
[Date "2025.03.25"]
[Round "11"]
[White "Srihari, LR."]
[Black "Gelman, Alexander"]
[Result "0-1"]
[WhiteElo "2498"]
[BlackElo "2403"]
[PlyCount "66"]
[EventDate "2025.03.25"]
[EventType "swiss (blitz)"]
[EventRounds "11"]
[EventCountry "USA"]
[SourceTitle "CB14_2025"]
[SourceDate "2024.11.01"]
[SourceVersion "1"]
[SourceVersionDate "2024.11.01"]
[SourceQuality "1"]

1. a3 b6 2. e4 Bb7 3. Nc3 c5 4. Bc4 e6 5. Nf3 a6 6. 0-0 Nc6 7. Re1 Nge7 8. d3 b5 9. Ba2 Ng6 10. Bg5 Qc7 11. h4 h6 12. Be3 Bd6 13. h5 Nge5 14. Nh4 Be7 15. g3 Bxh4 16. gxh4 Nd4 17. Bxd4 cxd4 18. Nb1 g5 19. hxg6 Rg8 20. h5 fxg6 21. Nd2 gxh5+ 22. Kf1 Ng4 23. Nf3 0-0-0 24. Ke2 Rdf8 25. Rf1 Qf4 26. Nxd4 Nxf2 27. Qd2 Qh2 28. Ke1 Rg1 29. Qc3+ Kb8 30. Rxg1 Qxg1+ 31. Kd2 Qxa1 32. Qc5 Qd1+ 33. Kc3 Rc8 0-1

[Event "IND-ch Blitz"]
[Site "Mahilong"]
[Date "2025.03.23"]
[Round "6"]
[White "Dushyant, Sharma"]
[Black "Srihari, LR."]
[Result "0-1"]
[WhiteElo "2077"]
[BlackElo "2355"]
[PlyCount "82"]
[EventDate "2025.03.23"]
[EventType "swiss (blitz)"]
[EventRounds "11"]
[EventCountry "IND"]
[SourceTitle "CB13_2025"]
[SourceDate "2025.03.26"]
[SourceVersion "1"]
[SourceVersionDate "2025.03.26"]
[SourceQuality "1"]

1. e4 e5 2. Nf3 Nc6 3. Nc3 Nf6 4. Bb5 Bc5 5. Nxe5 Nxe5 6. d4 Bd6 7. f4 Neg4 8. e5 Bb4 9. 0-0 0-0 10. exf6 Nxf6 11. f5 d5 12. Bg5 c6 13. Bd3 h6 14. Bh4 Be7 15. Ne2 Nh5 16. Bxe7 Qxe7 17. Qd2 Re8 18. Rae1 Bd7 19. Ng3 Qh4 20. Nxh5 Qxh5 21. Qf4 Qg5 22. Qxg5 hxg5 23. g4 f6 24. Kf2 Kf7 25. Kg3 a5 26. a3 b6 27. c3 Rxe1 28. Rxe1 Rc8 29. h4 gxh4+ 30. Kxh4 Rb8 31. g5 Rh8+ 32. Kg4 fxg5 33. Re2 Kf6 34. Rf2 Rh4+ 35. Kg3 c5 36. dxc5 bxc5 37. Rd2 d4 38. cxd4 Rxd4 39. Rd1 Ba4 40. Re1 Rxd3+ 41. Kg4 Bd1+ 0-1

[Event "IND-ch Blitz"]
[Site "Mahilong"]
[Date "2025.03.23"]
[Round "7"]
[White "Srihari, LR."]
[Black "Aronyak, Ghosh"]
[Result "1/2-1/2"]
[WhiteElo "2355"]
[BlackElo "2450"]
[PlyCount "36"]
[EventDate "2025.03.23"]
[EventType "swiss (blitz)"]
[EventRounds "11"]
[EventCountry "IND"]
[SourceTitle "CB13_2025"]
[SourceDate "2025.03.26"]
[SourceVersion "1"]
[SourceVersionDate "2025.03.26"]
[SourceQuality "1"]

1. Nf3 Nf6 2. c4 e6 3. Nc3 d5 4. e3 c5 5. cxd5 exd5 6. d4 c4 7. Be2 Bb4 8. 0-0 Bxc3 9. bxc3 0-0 10. Ne5 Re8 11. a4 Nc6 12. Nxc6 bxc6 13. Qc2 Qd7 14. a5 Rb8 15. Ba3 Qf5 16. Qxf5 Bxf5 17. Bb4 Rb5 18. Bd1 Bd7 1/2-1/2

[Event "IND-ch Rapid"]
[Site "Mahilong"]
[Date "2025.03.22"]
[Round "10"]
[White "Pranesh, Munirethinam"]
[Black "Srihari, LR."]
[Result "1-0"]
[WhiteElo "2508"]
[BlackElo "2350"]
[PlyCount "95"]
[EventDate "2025.03.20"]
[EventType "tourn (rapid)"]
[EventRounds "11"]
[EventCountry "IND"]
[SourceTitle "CB13_2025"]
[SourceDate "2025.03.26"]
[SourceVersion "1"]
[SourceVersionDate "2025.03.26"]
[SourceQuality "1"]

1. e4 e6 2. d4 d5 3. Nc3 Nf6 4. Bg5 dxe4 5. Nxe4 Be7 6. Bxf6 gxf6 7. Nf3 f5 8. Nc3 a6 9. g3 b5 10. Bg2 Bb7 11. Qe2 Qd6 12. 0-0-0 b4 13. Na4 Nd7 14. Rhe1 Be4 15. d5 Bxd5 16. Nh4 c6 17. Bxd5 cxd5 18. Nxf5 Qc6 19. b3 Bf6 20. Qh5 Rc8 21. Re2 0-0 22. Nh6+ Kg7 23. Ng4 Be7 24. Rd4 f5 25. Qh6+ Kg8 26. c3 Bf6 27. Nxf6+ Rxf6 28. Qg5+ Rg6 29. Qe7 bxc3 30. Rd3 d4 31. Rxd4 Nf8 32. Rc4 Qh1+ 33. Kc2 Rxc4 34. bxc4 Qc6 35. Qb4 Qf3 36. Nxc3 Rg4 37. Rd2 Rg7 38. Qb6 f4 39. Qxa6 fxg3 40. hxg3 Qf5+ 41. Kb2 Qc5 42. Qb5 Qc8 43. Qb3 Rc7 44. Nb5 Rc6 45. Rd4 e5 46. Rd5 Rf6 47. c5 Rxf2+ 48. Rd2+ 1-0